Normal view
MARC view
- تسويق
Entry Topical Term
001 - CONTROL NUMBER
- control field: 29319
003 - CONTROL NUMBER IDENTIFIER
- control field: JO-AjAnu
005 - DATE AND TIME OF LATEST TRANSACTION
- control field: 20230606074946.0
008 - FIXED-LENGTH DATA ELEMENTS
- fixed length control field: 230606|| aca||aabn | a|a d
040 ## - CATALOGING SOURCE
- Original cataloging agency: JO-AjAnu
- Transcribing agency: JO-AjAnu
150 ## - HEADING--TOPICAL TERM
- Topical term or geographic name entry element: تسويق
670 ## - SOURCE DATA FOUND
- Source citation: Work cat.: (JO-AjAnu)15050: العسكري،احمد شاكر, author 29318, ادارة المبيعات: مدخل كمي وسلوكي واداري